PRACTICAL LAB MANUAL OF PHARMACEUTICAL ORGANIC CHEMISTRY - I, B. PHARMA [ 2ND SEM] (Record no. 8989)

MARC details
000 -LEADER
fixed length control field 00543nam a22001817a 4500
005 - DATE AND TIME OF LATEST TRANSACTION
control field 20251127182824.0
008 - FIXED-LENGTH DATA ELEMENTS--GENERAL INFORMATION
fixed length control field 251125b |||||||| |||| 00| 0 eng d
020 ## - INTERNATIONAL STANDARD BOOK NUMBER
ISBN 978-93-88027-67-5
041 ## - LANGUAGE CODE
Language code of text/sound track or separate title eng
082 ## - DEWEY DECIMAL CLASSIFICATION NUMBER
Classification number 547 DWI-P
100 ## - MAIN ENTRY--AUTHOR NAME
Personal name DWIVEDI, DR. SHIVENDRA KUMAR
245 ## - TITLE STATEMENT
Title PRACTICAL LAB MANUAL OF PHARMACEUTICAL ORGANIC CHEMISTRY - I, B. PHARMA [ 2ND SEM]
250 ## - EDITION STATEMENT
Edition statement RE. PRINT ED. 2023
260 ## - PUBLICATION, DISTRIBUTION, ETC. (IMPRINT)
Place of publication NEW DELHI
Name of publisher INNOVATIVE PUBLICATION PVT LTD.
Year of publication 2023
300 ## - PHYSICAL DESCRIPTION
Number of Pages 84;P
650 ## - SUBJECT ADDED ENTRY--TOPICAL TERM
Topical Term PHARMACY
General subdivision B.PHARMA
942 ## - ADDED ENTRY ELEMENTS (KOHA)
Koha item type Books
Holdings
Lost status Damaged status Collection code Home library Current library Date acquired Source of acquisition Cost, normal purchase price Full call number Accession Number Koha item type
    PHARMACY JRU Library JRU Library 14/11/2025 PURCHASE 350.00 547 29100 Books